| 000 | 01011nas a2200337 4500 | ||
|---|---|---|---|
| 001 | BR2014003751 | ||
| 003 | BR-BrBNA | ||
| 005 | 20231205124135.0 | ||
| 007 | ta | ||
| 008 | 230509b bl.|||p| |||| 00| 00por d | ||
| 040 |
_aBR-BrBNA _bpor _cBiblioteca Nacional de Agricultura |
||
| 041 | _a(En) | ||
| 072 | _aL02 | ||
| 100 | 1 | _aSernagiotto, E.R. | |
| 100 | 1 | _aDucatti, C. | |
| 100 | 1 | _aSartori, R. | |
| 100 | 1 | _aStradiotti, A.C. | |
| 100 | 1 | _aMaruno, M.K. | |
| 110 | 1 | _aAraujo, P.C. | |
| 110 | 1 | _aCarvalho, R.B. | |
| 110 | 1 | _aPezzato, A.C. | |
| 245 | 1 | _aThe use of carbon and nitrogen stable isotopes for the detection of poultry offal meal in meat-type quail feeds | |
| 650 | _aCODORNA | ||
| 650 | _aCARBONO | ||
| 650 | _aNITROGENIO | ||
| 650 | _aDIETA | ||
| 650 | _aCOMPOSIÇÃO QUIMICA | ||
| 773 | 0 |
_tBrazilian Journal of Poultry Science (Brazil) _xISSN 1516-635X _g(Jan-Mar 2013), v. 15(1) p. 65-70 _wBR2014003751 |
|
| 909 |
_a202311 _bLúcia _c55 _dLúcia Elande |
||
| 942 |
_2AGRIS _n0 _cANA |
||
| 999 |
_c237502 _d237502 |
||